00631nam a2200193 a 4500090001400000041000800014100003200022245010600054260006100160300001000221650003600231650003000267650005200297662001200349700003400361942001200395945001500407999001500422 aLBb03804 aspa aNicholas, Colin4Ed.992323 aDeliberations at the National Roundtable on biodiversity and indigenous knowledge systems in Malaysia aKuala LumpurbCenter for Orang Asli ConcernsbJOASc2004 a36 p. aConocimiento tradicional992244 aGrupos indígenas916896 aProtección del conocimiento tradicional94676 aMalasia aLasimbang, Jannie4Ed.992325 cIMPRESO d2004-08-19 c4104d4104